épicas bastardas /
Guardado en:
| Autor Principal: | |
|---|---|
| Formato: | Libro |
| Publicado: |
México :
la cueva del peregrino,
2018
|
| Edición: | 2a. ed. |
| Materias: | |
| Etiquetas: |
Agregar Etiqueta
Sin Etiquetas, Sea el primero en etiquetar este registro!
|
| LEADER | 00607nam a22001935a 4500 | ||
|---|---|---|---|
| 001 | EHU.bham045521 | ||
| 003 | AR-BHAM | ||
| 005 | 20190315091520.0 | ||
| 008 | 130507s2018##################000#0#####d | ||
| 082 | A | 8 | |a 861.5 |
| 100 | 1 | |a Urrutia, álvaro | |
| 245 | 1 | 0 | |a épicas bastardas / |c álvaro Urrutia |
| 250 | |a 2a. ed. | ||
| 260 | |a México : |b la cueva del peregrino, |c 2018 | ||
| 653 | |a Poesía argentina-2000- | ||
| 653 | |a Poesía regional argentina-2000- | ||
| 653 | |a Literatura argentina-2000- | ||
| 653 | |a Poesía villalonguense-2000- | ||
| 859 | |a AR-BHAM |b BIB. HUMANIDADES - General |h A861.5 |i Ur7-2 |k A |p 364.18 |t Ej.1 | ||
